000 00665nas a2200241 4500
001 BR8006165
003 BR-BrBNA
005 20231205084410.0
007 ta
008 230509b bl.|||p| |||| 00| 00por d
040 _aBR-BrBNA
_bpor
_cBiblioteca Nacional de Agricultura
041 _a(Pt)
072 _aH10
100 1 _aJuruena, L.F.
245 1 _aAs formigas cortadeiras
650 _aCONTROLE BIOLOGICO
650 _aFORMIGA
650 _aSAUVA
650 _aDISTRIBUICAO GEOGRAFICA
773 0 _tIPAGRO Informa (Brazil)
_xISSN 0100-3410
_g(Jul 1980), (no. 24) p. 3-17
_wBR8006165
909 _a202311
_bLúcia
_c55
_dLúcia Elande
942 _2AGRIS
_n0
_cANA
999 _c104957
_d104957